2025 Brainrot Exam(september updated) - Statistics

General Stats
  • This quiz has been taken 3,762 times
    969 since last reset
  • The average score is 20 of 57
Answer Stats
Hint Answer % Correct
What meme was massive? Low taper fade
81%
What meme is fading? Low taper fade
81%
Who was left in 2024? Vexbolts
72%
What does the baseball tuff kid say(hint: its 2 close numbers) 67
70%
What is vieny?(hint:"you can see the pain in his ___"? Dih
62%
What is the name of the one eyed cheeto head? Eye of the rah
58%
What does a barbershop haircut cost? quarter
58%
Who killed John pork? Tim cheese
57%
What does XXXTentaction say when asked about his father? What’s that?
56%
What number is the unc rapper always rapping about?(hint:its above 21, but under 67) 41
54%
What happens when you buy a property in Egypt? They give you the property
54%
What is the J slur? Job
53%
What month has been the great meme depression? March
53%
When was the Vexbolts revival? (hint: you can answer just the month) January 8th
52%
Who is supposed to explain the friend group? Adrian
51%
Who is locked in in 2025 (hint: Loooooooooooo) Locked in Ninja
50%
What meme was supposed to be revived the 10th of february, but failed?(hint: Im the biggest ____) Bird
48%
Who did the tuff nod with his mom on the lectar? Chopped Chin
48%
Where did "chopped chin" and Mr egypt orgin from (Platform)? Reels
48%
What is the new ranked game?(Hint: the first rank is "bronze beater"? Jerkmate
46%
"Im just a ____!" baby
45%
Who can sing in the "Artist who can't sing and artists who can sing" (The person sings like an angel and has lasers out of the eyes) NBA Youngboy
43%
What is the name of the popular italian brainrot shark with blue shoes? Tralalero Tralala
43%
What is "This pissed me off not gonna lie" in brainrot? Ts pmo ngl
43%
"Im running all over the place, blue in the face, looking like _____" (hint: shit is bubonic" Sonic
42%
What animal sings "pop out at one in the morning, you really wanna know this kind of life's never boring"? Bear
40%
What do you not give in the moring before you have had your cofee(hint: coffee spelled backwards is ______, wich is funny) effoc
40%
Finnish the sentence that brick says: "Youre gonna love our _____" Pizza
38%
Who can humble you if he gets added to the discord? PACKGOD
36%
Who is geeked? (hint: his dreads are spread out across the world) King von
35%
"No way they put in that ______ refrence, my anime fans are, i love that" Naruto
30%
"Bro's got exray vision for ________" Grippers
29%
What does "MMAF" stand for?(hint: drew ate doughnuts! tonya ate slices!) My mother ate fries
29%
What did bricks family get for free that made Brick dance? 8 free pizzas
27%
What are kids saying when Jaden smith are hanging out with people his age? BRO
27%
What is the artist of the song everyone is playing(Hint:lyric is "I want you to mine again baby")? Fetty wap
26%
Who has been schizophrenic over a lock on the bathroom door? Frank heffley
24%
What does the minus aura ginger say when he thought they were talking to him? I was sleepy
24%
Where was the "What you’re doing is actually very smart", pred catched? Walmart
24%
"Stop taking my _____!" chips
22%
What was the last meme of 2024? Locked in alien
22%
Who is the hero this page needs?(hint: he is very gasy) Incredible gassy
21%
"______ here", "Hello ______" Steven
21%
"Ts is so _____"(hint:a named used for when something is bad" Kevin
18%
What does Gurt say? SYBAU
15%
What does Uncle Grandpa keep saying? Good morning
14%
"NOOOOOOO, BROOO, MY _______" Hotspot
14%
”I had a pretty interesting day” Are you sure?
13%
"That's a 10$ _____ ___ ___ ______" Bacon egg and cheese
12%
What did the tuff kid in class tell the teacher to not hand out? frigging packet yo
11%
What is the tuffest type of phonk? Labubu
11%
Who is sipping Johnny walker by himself with Tristan Tate? Luke Belmar
11%
What talented band interrupts instagram videos? Talented band of mice
10%
What was the goonicides real name? Nautica Malone
8%
Who are we ALL cracking? (hint: she is a diddy ahh blud) Jellybean
7%
"______, put it in your engine, ______, the oil for you!" Mobil 1
4%
Who did Chopped Chin nod to? The DJ
4%
No matching quizzes found
Score Distribution
Percent of People with Each Score
Percentile by Number Answered
Your Score History
You have not taken this quiz since the last reset